000 00378nam a2200145Ia 4500
008 260223s2024 xx 000 0 und d
020 _a9789393885869
041 _aeng
082 _a616.89/CHA
100 _aChakrabory Bani
245 _aMental Health Nursing (GNM Nursing Student)
260 _aB.S.B. Pune
_bEMMESS,Pub
_c2024
300 _a534P
650 _aMental Health
999 _c1216394
_d1216394